| 000 | 01172cam a22003497a 4500 | ||
|---|---|---|---|
| 001 | 16503906 | ||
| 005 | 20170105102917.0 | ||
| 008 | 100916s2010 enkab b 001 0 eng | ||
| 010 | _a 2010530207 | ||
| 015 |
_aGBB065704 _2bnb |
||
| 016 | 7 |
_a015562925 _2Uk |
|
| 020 | _a9781843548942 (hbk.) | ||
| 020 | _a1843548941 (hbk.) | ||
| 035 | _a(OCoLC)ocn632085884 | ||
| 040 |
_aUKM _cUKM _dYDXCP _dCDX _dNLGGC _dHLS _dDLC |
||
| 042 | _alccopycat | ||
| 050 | 0 | 0 |
_aD743 _b.C595 2010 |
| 082 | 0 | 4 |
_a940.54 _222 |
| 084 |
_a15.50 _2bcl |
||
| 100 | 1 | _aCorrigan, Gordon. | |
| 245 | 1 | 4 |
_aThe Second World War : _ba military history / _cGordon Corrigan. |
| 260 |
_aLondon : _bAtlantic Books, _c2010. |
||
| 300 |
_axxviii, 620 p. : _bill., maps ; _c24 cm. |
||
| 504 | _aIncludes bibliographical references (p. 594-601) and index. | ||
| 650 | 0 | _aWorld War, 1939-1945. | |
| 650 | 0 |
_aWorld War, 1939-1945 _xCampaigns. |
|
| 650 | 0 |
_aWorld War, 1939-1945 _xCauses. |
|
| 650 | 1 | 7 |
_aTweede Wereldoorlog. _2gtt |
| 906 |
_a7 _bcbc _ccopycat _d2 _encip _f20 _gy-gencatlg |
||
| 942 |
_2ddc _cBK |
||
| 999 |
_c15424 _d15424 |
||